08385 2203841 4500001002100000008004100021035002000062245003200082260004100114300002200155020001800177084001600195082001000211650001000221990001400231990001400245990001400259990001400273990001400287990001400301990001400315990001400329990001400343990001400357990001400371990001400385990001400399990001400413990001400427990001400441990001400455990001400469990001400483990001400497990001400511990001400525990001400539990001400553990001400567990001400581990001400595990001400609990001400623990001400637990001400651990001400665990001400679990001400693990001400707990001400721990001400735990001400749990001400763990001400777990001400791990001400805990001400819990001400833990001400847990001400861990001400875990001400889990001400903990001400917990001400931990001400945990001400959990001400973990001400987990001401001990001401015990001401029990001401043990001401057990001401071990001401085990001401099990001401113990001401127990001401141990001401155990001401169990001401183990001401197990001401211990001401225990001401239990001401253990001401267990001401281990001401295990001401309990001401323990001401337990001401351990001401365990001401379990001401393990001401407990001401421990001401435990001401449990001401463990001401477990001401491990001401505990001401519990001401533990001401547990001401561990001401575990001401589990001401603990001401617990001401631990001401645990001401659990001401673990001401687990001401701990001401715990001401729990001401743990001401757990001401771990001401785990001401799990001401813990001401827990001401841990001401855990001401869990001401883990001401897990001401911990001401925990001401939990001401953990001401967990001401981990001401995990001402009990001402023990001402037990001402051990001402065990001402079990001402093990001402107990001402121990001402135990001402149990001402163990001402177990001402191990001402205990001402219990001402233990001402247990001402261990001402275990001402289990001402303990001402317990001402331990001402345990001402359990001402373990001402387990001402401990001402415990001402429990001402443990001402457990001402471990001402485990001402499990001402513990001402527990001402541990001402555990001402569990001402583990001402597990001402611990001402625990001402639990001402653990001402667990001402681990001402695990001402709990001402723990001402737990001402751990001402765990001402779990001402793990001402807990001402821990001402835990001402849990001402863990001402877990001402891990001402905990001402919990001402933990001402947990001402961990001402975990001402989990001403003990001403017990001403031990001403045990001403059990001403073990001403087990001403101990001403115990001403129990001403143990001403157990001403171990001403185990001403199990001403213990001403227990001403241990001403255990001403269990001403283990001403297990001403311990001403325990001403339990001403353990001403367990001403381990001403395990001403409990001403423990001403437990001403451990001403465990001403479990001403493990001403507990001403521990001403535990001403549990001403563990001403577990001403591990001403605990001403619990001403633990001403647990001403661990001403675990001403689990001403703990001403717990001403731990001403745990001403759990001403773990001403787990001403801990001403815990001403829990001403843990001403857990001403871990001403885990001403899990001403913990001403927990001403941990001403955990001403969990001403983990001403997990001404011990001404025990001404039990001404053990001404067990001404081990001404095990001404109990001404123990001404137990001404151990001404165990001404179990001404193990001404207990001404221990001404235990001404249990001404263990001404277990001404291990001404305990001404319990001404333990001404347990001404361990001404375990001404389990001404403990001404417990001404431990001404445990001404459990001404473990001404487990001404501990001404515990001404529INLIS000000000000051 ind  a0010-0724000006 aBAHASA ARABcSRI SUPARTINAH aYOGYAKARTAbDAFA BINTANG REKSAc2024 a112c20 X 28,5 CM a9789799946591 a492.7 SRI b a492.7 aagama aIKM.19686 aIKM.19687 aIKM.19688 aIKM.19689 aIKM.19690 aIKM.19691 aIKM.19692 aIKM.19693 aIKM.19694 aIKM.19695 aIKM.19696 aIKM.19697 aIKM.19698 aIKM.19699 aIKM.19700 aIKM.19701 aIKM.19702 aIKM.19703 aIKM.19704 aIKM.19705 aIKM.19706 aIKM.19707 aIKM.19708 aIKM.19709 aIKM.19710 aIKM.19711 aIKM.19712 aIKM.19713 aIKM.19714 aIKM.19715 aIKM.19716 aIKM.19717 aIKM.19718 aIKM.19719 aIKM.19720 aIKM.19721 aIKM.19722 aIKM.19723 aIKM.19724 aIKM.19725 aIKM.19726 aIKM.19727 aIKM.19728 aIKM.19729 aIKM.19730 aIKM.19731 aIKM.19732 aIKM.19733 aIKM.19734 aIKM.19735 aIKM.19736 aIKM.19737 aIKM.19738 aIKM.19739 aIKM.19740 aIKM.19741 aIKM.19742 aIKM.19743 aIKM.19744 aIKM.19745 aIKM.19746 aIKM.19747 aIKM.19748 aIKM.19749 aIKM.19750 aIKM.19751 aIKM.19752 aIKM.19753 aIKM.19754 aIKM.19755 aIKM.19756 aIKM.19757 aIKM.19758 aIKM.19759 aIKM.19760 aIKM.19761 aIKM.19762 aIKM.19763 aIKM.19764 aIKM.19765 aIKM.19766 aIKM.19767 aIKM.19768 aIKM.19769 aIKM.19770 aIKM.19771 aIKM.19772 aIKM.19773 aIKM.19774 aIKM.19775 aIKM.19776 aIKM.19777 aIKM.19778 aIKM.19779 aIKM.19780 aIKM.19781 aIKM.19782 aIKM.19783 aIKM.19784 aIKM.19785 aIKM.19786 aIKM.19787 aIKM.19788 aIKM.19789 aIKM.19790 aIKM.19791 aIKM.19792 aIKM.19793 aIKM.19794 aIKM.19795 aIKM.19796 aIKM.19797 aIKM.19798 aIKM.19799 aIKM.19800 aIKM.19801 aIKM.19802 aIKM.19803 aIKM.19804 aIKM.19805 aIKM.19806 aIKM.19807 aIKM.19808 aIKM.19809 aIKM.19810 aIKM.19811 aIKM.19812 aIKM.19813 aIKM.19814 aIKM.19815 aIKM.19816 aIKM.19817 aIKM.19818 aIKM.19819 aIKM.19820 aIKM.19821 aIKM.19822 aIKM.19823 aIKM.19824 aIKM.19825 aIKM.19826 aIKM.19827 aIKM.19828 aIKM.19829 aIKM.19830 aIKM.19831 aIKM.19832 aIKM.19833 aIKM.19834 aIKM.19835 aIKM.19836 aIKM.19837 aIKM.19838 aIKM.19839 aIKM.19840 aIKM.19841 aIKM.19842 aIKM.19843 aIKM.19844 aIKM.19845 aIKM.19846 aIKM.19847 aIKM.19848 aIKM.19849 aIKM.19850 aIKM.19851 aIKM.19852 aIKM.19853 aIKM.19854 aIKM.19855 aIKM.19856 aIKM.19857 aIKM.19858 aIKM.19859 aIKM.19860 aIKM.19861 aIKM.19862 aIKM.19863 aIKM.19864 aIKM.19865 aIKM.19866 aIKM.19867 aIKM.19868 aIKM.19869 aIKM.19870 aIKM.19871 aIKM.19872 aIKM.19873 aIKM.19874 aIKM.19875 aIKM.19876 aIKM.19877 aIKM.19878 aIKM.19879 aIKM.19880 aIKM.19881 aIKM.19882 aIKM.19883 aIKM.19884 aIKM.19885 aIKM.19886 aIKM.19887 aIKM.19888 aIKM.19889 aIKM.19890 aIKM.19891 aIKM.19892 aIKM.19893 aIKM.19894 aIKM.19895 aIKM.19896 aIKM.19897 aIKM.19898 aIKM.19899 aIKM.19900 aIKM.19901 aIKM.19902 aIKM.19903 aIKM.19904 aIKM.19905 aIKM.19906 aIKM.19907 aIKM.19908 aIKM.19909 aIKM.19910 aIKM.19911 aIKM.19912 aIKM.19913 aIKM.19914 aIKM.19915 aIKM.19916 aIKM.19917 aIKM.19918 aIKM.19919 aIKM.19920 aIKM.19921 aIKM.19922 aIKM.19923 aIKM.19924 aIKM.19925 aIKM.19926 aIKM.19927 aIKM.19928 aIKM.19929 aIKM.19930 aIKM.19931 aIKM.19932 aIKM.19933 aIKM.19934 aIKM.19935 aIKM.19936 aIKM.19937 aIKM.19938 aIKM.19939 aIKM.19940 aIKM.19941 aIKM.19942 aIKM.19943 aIKM.19944 aIKM.19945 aIKM.19946 aIKM.19947 aIKM.19948 aIKM.19949 aIKM.19950 aIKM.19951 aIKM.19952 aIKM.19953 aIKM.19954 aIKM.19955 aIKM.19956 aIKM.19957 aIKM.19958 aIKM.19959 aIKM.19960 aIKM.19961 aIKM.19962 aIKM.19963 aIKM.19964 aIKM.19965 aIKM.19966 aIKM.19967 aIKM.19968 aIKM.19969 aIKM.19970 aIKM.19971 aIKM.19972 aIKM.19973 aIKM.19974 aIKM.19975 aIKM.19976 aIKM.19977 aIKM.19978 aIKM.19979 aIKM.19980 aIKM.19981 aIKM.19982 aIKM.19983 aIKM.19984 aIKM.19985 aIKM.19986 aIKM.19987 aIKM.19988 aIKM.19989 aIKM.19990 aIKM.19991 aIKM.19992 aIKM.19993